000 00689nam a2200289Ia 4500
005 20260324134305.0
008 008 260324s9999 xx 000 0 eng d
020 _a9780203045626
037 _aEBOOK
040 _aCRL
040 _beng
040 _cCRL
041 _2eng
041 _aeng
084 _qCRL
100 _aTim Jones
_91195287
245 0 _aPost-war Counterinsurgency and the SAS, 1945-1952
245 2 _bA Special Type of Warfare
260 _bTaylor and Francis
260 _c2002
365 _a
365 _b255
856 _uhttp://www.taylorfrancis.com/books/9780203045626
942 _cEBOOK
999 _c1796196
_d1796196